Movies Quiz

Random Movies or Actor Quiz

John Lithgow Movies Quiz Stats

 Plays Quiz not verified by Sporcle

Score 0/40 Timer 10:00
0 Plays Today
Year Title % Correct
2001Shrek
77.9%
1987Harry and the Hendersons
67.3%
1984Footloose
65.5%
1982The World According To Garp
58.4%
1993Cliffhanger
51.3%
1983Terms of Endearment
44.2%
1992Raising Cain
42.5%
1983Twilight Zone: The Movie
41.6%
2004Kinsey
34.5%
1981Blow Out
30.1%
1991Ricochet
28.3%
1985Santa Claus
26.5%
1998A Civil Action
26.5%
2006Dreamgirls
19.5%
1979All That Jazz
18.6%
1993The Pelican Brief
17.7%
2000Rugrats in Paris: The Movie--Rugrats II
17.7%
2004The Life and Death of Peter Sellers
17.7%
1976Obsession
15.9%
2002Orange County
15%
Year Title % Correct
19842010
14.2%
1990Memphis Belle
13.3%
1986The Manhattan Project
11.5%
1978The Big Fix
9.7%
1984The Adventures of Buckaroo Bonzai Across the 8th Dimension
9.7%
2009Confessions of a Shopaholic
8%
1979Rich Kids
7.1%
1994A Good Man in Africa
7.1%
1994Silent Fall
7.1%
1988Distant Thunder
5.3%
1982I'm Dancing As Fast As I Can
4.4%
1989Out Cold
4.4%
1991At Play in the Fields of the Lord
4.4%
1998Johnny Skidmarks
4.4%
1993Love, Cheat and Steal
3.5%
1994Princess Caraboo
3.5%
1972Dealing: Or the Berkeley-to-Boston Forty-Brick Lost-Bag Blues
2.7%
1986My Letter to George
2.7%
1996Hollow Point
2.7%
1998Homegrown
1.8%

You're not logged in!

Compare scores with friends on all Sporcle quizzes.
OR
Log In

Show Comments

Extras

Top Quizzes Today


Score Distribution

Your Account Isn't Verified!

In order to create a playlist on Sporcle, you need to verify the email address you used during registration. Go to your Sporcle Settings to finish the process.

Report this User

Report this user for behavior that violates our Community Guidelines.

Details: